Language Quiz

Random Language or Letter Quiz
Score 0/30 Timer 05:00
0 Plays Today
Letters Five Words (using all letters) % Correct
RSTAStar
99.2%
ESURSure
96.6%
RSTARats
93.5%
RSTATars
92.8%
ATESSeat
91.6%
ATESTeas
91.1%
RSTAArts
89.9%
ESURRuse
89.9%
SATEMMates
89.8%
ATESSate
87.5%
ATESEats
86.1%
REANSNears
83.1%
SATEMTeams
81.3%
ESURUser
80.1%
SATEMSteam
80%
Letters Five Words (using all letters) % Correct
SATEMMeats
79.7%
REPOSSpore
78.2%
REPOSPoser
73.3%
SATEMTames
69.3%
REANSSnare
69.2%
REPOSPores
68.2%
ATESEast
67.1%
RSTATsar
66.9%
REPOSRopes
65.3%
ESURSuer
61.8%
ESURRues
60.5%
REPOSProse
59.6%
REANSEarns
58.4%
REANSNares
47.4%
REANSSaner
42.9%
Remove Ads.
Support Sporcle.
Get the best of Sporcle when you Go Orange. This ad-free experience offers more features, more stats, and more fun while also helping to support Sporcle. Thank you for becoming a member.

You're not logged in!

Compare scores with friends on all Sporcle quizzes.
OR
Log In

Show Comments

Extras

Top Quizzes Today


Score Distribution

Your Account Isn't Verified!

In order to create a playlist on Sporcle, you need to verify the email address you used during registration. Go to your Sporcle Settings to finish the process.

Report this User

Report this user for behavior that violates our Community Guidelines.

Details: